01424 2200205 4500001002100000005001500021035002000036008004100056245002900097100001700126250000600143260003800149300001200187084001400199082000800213650001000221520096300231990001201194990001201206INLIS00000000000082620240611073832 a0010-0524000061240611 1 ind 1 a4 Friends /cMetty Maria aMaria, Metty a1 aYogyakarta :bSheila/ Andi,c2007 a328 hlm a813 MET f a813 4aFiksi aApa artinya 4 buat kamu? Mungkin tidak ada selain angka. Tapi buat Mita, Lala, Zaky dan Darwin, angka itu istimewa. Tepatnya merujuk pada mereka berempat. Awalnya siih, mereka cuma bertiga. Anggota terakhir, Darwin. Cowok yang bikin gara-gara dengan Mita, Lala dan Zaky, hingga mereka bermusuhan. Bahkan sampai babak belur dipukul Zaky. Tapi akhirnya ia malah jadi anggota keempat. Loh kok bisa? Lalu bagaimana jadinya kalau empat karakter digabung jadi satu? Yang jelas, keren abis! Apalagi plus-minus masing-masing malah jadi pemersatu. Terlebih saat menghadapi masalah. Mita, misalnya harus menelam hinaan Lisa - mantan pacar Darwin, karena cacat fisiknya. Juga Zaky yang harus kehilangan orang yang dicintainya. Sebagai cowok keren di sekolah hidup Darwin bukan tanpa masalah. Belum lagi Lala, yang mengalami problem paling berat dalam hidupnya, sampai harus dijauhi seisi sekolah. Apa pasal? Trus gimana solusinya? Baca sampai akhir, dan kamu akan tahu! a0741252 a0741253